Largest Cities in a Country, that starts with "U" - Statistics

General Stats
  • This quiz has been taken 45 times
  • The average score is 35 of 55
Answer Stats
Population City % Correct
10,240,000 London
95%
2,640,000 Manchester
92%
2,510,000 Birmingham
90%
9,160,000 Chicago
90%
15,060,000 Los Angeles
90%
23,650,000 New York City
90%
6,170,000 Dallas - Fort Worth
87%
5,760,000 Houston
85%
5,760,000 Miami
85%
4,890,000 Washington, D.C.
85%
4,480,000 Boston
82%
5,570,000 Philadelphia
82%
3,220,000 Seattle
82%
8,750,000 San Francisco
79%
3,930,000 Dubai
77%
2,190,000 Las Vegas
77%
2,770,000 Minneapolis - Saint Paul
77%
1,700,000 Montevideo
77%
1,620,000 Austin
74%
2,560,000 Denver
74%
4,190,000 Phoenix
74%
1,980,000 San Antonio
74%
3,090,000 San Diego
74%
1,930,000 Kampala
72%
1,080,000 Nashville
72%
3,670,000 Detroit
69%
5,020,000 Atlanta
67%
1,220,000 Glasgow
67%
1,620,000 Indianapolis
67%
1,980,000 Portland
67%
2,290,000 Kansas City
64%
2,040,000 Orlando
64%
1,780,000 Cleveland
62%
1,100,000 Memphis
62%
1,540,000 Charlotte
59%
2,190,000 Saint Louis
59%
2,250,000 Tashkent
59%
1,480,000 Columbus
56%
1,680,000 Cincinnati
54%
1,150,000 Jacksonville
54%
1,090,000 Salt Lake City
54%
2,620,000 Tampa
54%
2,260,000 Baltimore
51%
1,730,000 Pittsburgh
49%
2,240,000 Kiev
46%
1,030,000 Louisville
46%
1,410,000 Milwaukee
46%
1,090,000 Raleigh
44%
1,890,000 Sacramento
44%
1,460,000 Virginia Beach - Norfolk
44%
1,020,000 Richmond
33%
1,010,000 Odessa
23%
2,140,000 San Juan
18%
1,440,000 Kharkiv
15%
1,200,000 Providence
13%
No matching quizzes found
Score Distribution
Percent of People with Each Score
Percentile by Number Answered
Your Score History
You have not taken this quiz